[Event "Heusenstamm Sparkassen op-A 6th"]
[Site "Heusenstamm"]
[Date "2019.11.24"]
[Round "6"]
[White "Walbrecht, Quirin"]
[Black "Baumgarten, Fred"]
[Result "1-0"]
[WhiteElo "1856"]
[BlackElo "1668"]
[PlyCount "69"]
[EventDate "2019.11.21"]
[EventType "swiss"]
[EventRounds "7"]
[EventCountry "GER"]
[SourceTitle "CBM 194 Extra"]
[Source "ChessBase"]
[SourceDate "2020.03.31"]
[SourceVersion "1"]
[SourceVersionDate "2020.03.31"]
[SourceQuality "1"]

1. d4 Nf6 2. c4 c5 3. d5 e6 4. Nc3 exd5 5. cxd5 d6 6. e4 g6 7. f4 a6 8. Nf3 b5 9. a3 Bg7 10. Bd3 0-0 11. 0-0 Bb7 12. Re1 Nbd7 13. Be3 Ng4 14. Bd2 c4 15. Be3 Nxe3 16. Rxe3 cxd3 17. Qxd3 Re8 18. Rae1 Qb6 19. Kh1 Nc5 20. Qd2 Rac8 21. e5 dxe5 22. fxe5 Rcd8 23. d6 Bh6 24. Nd5 Bxe3 25. Nf6+ Kg7 26. Qxe3 Bxf3 27. Qxf3 Re6 28. Qh3 Rxf6 29. exf6+ Kxf6 30. Qxh7 Kg5 31. h4+ Kg4 32. Qh6 Ne6 33. Rxe6 Qc5 34. Re4+ Kg3 35. Qf4# 1-0

[Event "Heusenstamm Sparkassen op-A 6th"]
[Site "Heusenstamm"]
[Date "2019.11.22"]
[Round "3"]
[White "Minor, Viatcheslav"]
[Black "Walbrecht, Quirin"]
[Result "1-0"]
[WhiteElo "2060"]
[BlackElo "1856"]
[PlyCount "75"]
[EventDate "2019.11.21"]
[EventType "swiss"]
[EventRounds "7"]
[EventCountry "GER"]
[SourceTitle "CBM 194 Extra"]
[Source "ChessBase"]
[SourceDate "2020.03.31"]
[SourceVersion "1"]
[SourceVersionDate "2020.03.31"]
[SourceQuality "1"]

1. e4 c5 2. d3 Nc6 3. Nf3 g6 4. g3 Bg7 5. Bg2 e6 6. 0-0 b5 7. c3 Nge7 8. d4 cxd4 9. cxd4 0-0 10. d5 Ne5 11. Nxe5 Bxe5 12. Qb3 a6 13. Bh6 Re8 14. Nc3 d6 15. Rad1 exd5 16. f4 Qb6+ 17. Kh1 Bh8 18. Nxd5 Nxd5 19. Qxd5 Be6 20. Qxd6 Qxd6 21. Rxd6 Bxb2 22. e5 Rad8 23. Rxa6 Bc4 24. Rb1 Rd2 25. Bg5 b4 26. Rd6 Bc3 27. Rxd2 Bxd2 28. Rd1 Bc3 29. Bd5 Be2 30. Rc1 Bg4 31. Kg2 Be6 32. Bxe6 Rxe6 33. Bf6 Ra6 34. Rc2 Rxf6 35. exf6 Bxf6 36. Rc6 Kg7 37. Kf3 Bc3 38. Ke3 1-0